Los chicos y las pantallas: las respuestas que todos buscamos
Na minha lista:
| Autor principal: | |
|---|---|
| Formato: | Livro |
| Idioma: | espanhol |
| Publicado em: |
Buenos Aires
Fondo de Cultura Económica
2014
|
| Edição: | 1a. ed |
| Colecção: | Serie Breves, 717
|
| Assuntos: | |
| Tags: |
Adicionar Tag
Sem tags, seja o primeiro a adicionar uma tag!
|
MARC
| LEADER | 00000cam a2200000 a 4500 | ||
|---|---|---|---|
| 001 | UCE9831 | ||
| 003 | CL-VaPUC | ||
| 008 | 151106e20140000ag |||||||||||||||||spa|d | ||
| 020 | |a 9789877190090 | ||
| 082 | 0 | 4 | |a 305.235 |b MOR |2 21 |
| 100 | |a Morduchowicz, Roxana |e autora |9 582785 | ||
| 245 | 1 | 4 | |a Los chicos y las pantallas: las respuestas que todos buscamos |
| 250 | |a 1a. ed | ||
| 300 | |a 134 p | ||
| 942 | |c BK | ||
| 945 | |d 20151106 14:16:00 |a arojas | ||
| 260 | |a Buenos Aires |b Fondo de Cultura Económica |c 2014 | ||
| 650 | 0 | |a Jóvenes |9 326981 | |
| 650 | 0 | |a Juventud |9 271073 | |
| 650 | 0 | |a Sociabilidad |9 337571 | |
| 650 | 0 | |a Televisión |9 256845 | |
| 650 | 0 | |a Medios de comunicación de masas |9 257273 | |
| 650 | 0 | |a Teléfonos móviles |9 577925 | |
| 583 | |a last modification |c 20151106 14:16:00 |k Rodrigo Vera | ||
| 490 | 0 | |a Serie Breves, 717 | |
| 999 | |c 361474 |d 361472 | ||
| 952 | |0 0 |1 0 |3 erb |4 0 |6 305_235000000000000_MOR_2014 |7 0 |8 A |9 472035 |a BIBEDU |b BIBEDU |i 5247179 |o 305.235 MOR 2014 |p 5247179 |r 2019-11-24 |w 2019-11-24 |y BK |z Catalogado en:20151106 |k LIT | ||